|
|
|
|
| LEADER |
01432nam a2200361 a 4500 |
| 001 |
1353 |
| 003 |
BD-DhAAL |
| 005 |
20150514110252.0 |
| 008 |
150514s1981 cau b 000 0 eng |
| 010 |
|
|
|a 81016631
|
| 020 |
|
|
|a 080391735X (pbk.)
|
| 040 |
|
|
|a DLC
|c DLC
|d DLC
|d BD-DhAAL
|
| 050 |
0 |
0 |
|a HV1445
|b .S53 1981
|
| 082 |
0 |
0 |
|a 362.8/38/0973
|2 19
|
| 100 |
1 |
|
|a Silverman, Phyllis R.
|9 11038
|
| 245 |
1 |
0 |
|a Helping women cope with grief /
|c Phyllis R. Silverman.
|
| 260 |
|
|
|a Beverly Hills :
|b Sage,
|c c1981.
|
| 300 |
|
|
|a 111 p. ;
|c 22 cm.
|
| 490 |
1 |
|
|a A Sage human services guide ;
|v v. 25
|
| 500 |
|
|
|a "Published in cooperation with the University of Michigan School of Social Work."
|
| 504 |
|
|
|a Includes bibliographies.
|
| 541 |
|
|
|e 1353
|
| 650 |
|
0 |
|a Women
|x Services for
|z United States.
|9 11039
|
| 650 |
|
0 |
|a Bereavement
|x Psychological aspects.
|9 11040
|
| 650 |
|
0 |
|a Grief.
|9 11041
|
| 650 |
|
0 |
|a Widows
|x Services for
|z United States.
|9 11042
|
| 650 |
|
0 |
|a Mothers
|x Services for
|z United States.
|9 11043
|
| 650 |
|
0 |
|a Abused wives
|x Services for
|z United States.
|9 11044
|
| 650 |
|
0 |
|a Social work with women
|z United States.
|9 11045
|
| 830 |
|
0 |
|a Sage human services guides ;
|v v. 25.
|9 11046
|
| 942 |
|
|
|2 ddc
|c BK
|
| 999 |
|
|
|c 34415
|d 34415
|
| 952 |
|
|
|0 0
|1 0
|2 ddc
|4 0
|6 362_838097300000000_SIL
|7 0
|9 53729
|a SCL
|b SCL
|c GEN
|d 2015-05-14
|e Gift: The Asia Foundation
|l 1
|m 1
|o 362.8380973 SIL
|p 3020001353
|r 2020-01-29
|s 2020-01-19
|t 1
|w 2015-05-14
|y BK
|